Statistics for Richest Person In History

Click here to take the quiz!

General Stats

  • This quiz has been taken 37 times
  • The average score is 5 of 15

Answer Stats

Country/EmpireAnswer% Correct
USSRJoseph Stalin
74%
Mongol EmpireGenghis Khan
71%
South AfricaElon Musk
55%
The Roman EmpireAugustus Caesar
52%
RussiaVladimir Putin
45%
USAJohn D. Rockefeller
42%
Kingdom Of IsraelKing Solomon
32%
LibyaMuammar Gaddafi
29%
Ancient EgyptTutankhamun
29%
Mali EmpireMansa Musa
26%
Mughal EmpireAkbar I
19%
Duchy of NormandyWilliam the Conqueror
16%
Holy Roman EmpireJakob Fugger
3%
Song DynastyEmperor Shenzong of Song
0%
IndiaMir Osman Ali Kan
0%

Score Distribution

Percentile by Number Answered

Percent of People with Each Score

Your Score History

You have not taken this quiz